Famous Hat-Wearers - Statistics

General Stats
  • This quiz has been taken 12,367 times
  • The average score is 15 of 22
Answer Stats
Clue Hat Answer % Correct
He stole from the rich and gave to the poor Green hat w/ Feather Robin Hood
96%
Pop star who also wore a single glove Fedora Michael Jackson
89%
Religious figure Crown of thorns Jesus
88%
US President Stovepipe hat Abraham Lincoln
87%
Silent film star Derby Charlie Chaplin
86%
British detective Deerstalker Sherlock Holmes
86%
Movie archaeologist Fedora Indiana Jones
85%
Chicago gangster Fedora Al Capone
78%
Personification of the United States American flag tophat Uncle Sam
78%
Dr. Seuss character Striped tophat Cat in the Hat
77%
Latin American revolutionary Beret Che Guevara
75%
Former US first lady Pillbox hat Jackie Kennedy
74%
Messenger of the Gods Winged cap Mercury
73%
Racially insensitive cartoon mouse Sombrero Speedy Gonzales
68%
King of the wild frontier Coonskin cap Davy Crockett
65%
WWI Leader Spiked helmet Kaiser Wilhelm
50%
Friend of Ginger, Skipper, and Mary Ann Sailor cap Gilligan
48%
Britney Spears' ex-boyfriend Fedora Justin Timberlake
44%
Hawaii TV detective Detroit Tigers cap Magnum P.I.
42%
Palestinian revolutionary Keffiyeh Yasser Arafat
39%
Friend of Bono Black beanie The Edge
35%
US President Panama hat Harry Truman
29%
No matching quizzes found
Score Distribution
Percent of People with Each Score
Percentile by Number Answered
Your Score History
You have not taken this quiz